[Event "FRA-ch"]
[Site "Val Thorens"]
[Date "1988.??.??"]
[Round "5"]
[White "Weill, Roland"]
[Black "Degraeve, Jean Marc"]
[Result "0-1"]
[WhiteElo "2210"]
[BlackElo "2315"]

1.e4 c5 2.Nf3 Nc6 3.Bb5 g6 4.O-O Bg7 5.Re1 Nf6 6.e5 Nd5 7.Nc3 Nc7 8.Bxc6 dxc6
9.h3 O-O 10.b3 Ne6 11.Bb2 Nd4 12.Ne4 b6 13.d3 h6 14.Bxd4 cxd4 15.Qd2 Qd5
16.Qf4 c5 17.h4 Be6 18.Qg3 Bf5 19.h5 Qe6 20.hxg6 fxg6 21.Neg5 Qc8 22.Ne4 g5
23.a4 Qe6 24.Ned2 Rad8 25.b4 Rd5 26.bxc5 g4 27.Nh4 Rxe5 28.Rxe5 Bxe5 29.f4 Bb8
30.Re1 Qf7 31.Nc4 bxc5 32.Ne5 Qg7 33.Nxf5 Rxf5 34.Nc6 Bxf4 35.Nxe7+ Qxe7
36.Qxg4+ Qg5  0-1

[Event "FRA-ch"]
[Site "Val Thorens"]
[Date "1988.??.??"]
[Round "7"]
[White "Haik, Aldo"]
[Black "Donnenfeld, P."]
[Result "1-0"]
[WhiteElo "2370"]
[BlackElo "2130"]

1.Nf3 c5 2.e4 Nc6 3.Bb5 g6 4.O-O Bg7 5.Re1 Nf6 6.e5 Nd5 7.Nc3 Nc7 8.Bxc6 dxc6
9.Ne4 Ne6 10.b3 O-O 11.Bb2 b6 12.d3 Nd4 13.h3 f5 14.exf6 exf6 15.Bxd4 cxd4
16.Qd2 Qd5 17.Qf4 f5 18.Nd6 Rd8 19.Ne8 Qf7 20.Nxg7 Qxg7 21.Qh4 Rf8 22.Re7 Rf7
23.Rae1 Qf6 24.Qxf6 Rxf6 25.Rc7 c5 26.Re8+ Rf8 27.Ree7 Rf6 28.Ng5 h6 29.Nh7 Re6
30.Rg7+ Kh8 31.Nf8  1-0

[Event "FRA-ch"]
[Site "Val Thorens"]
[Date "1988.??.??"]
[Round "8"]
[White "Weill, Roland"]
[Black "Moingt, Jean Claude"]
[Result "1/2-1/2"]
[WhiteElo "2210"]
[BlackElo "2180"]

1.e4 c5 2.Nf3 Nc6 3.Bb5 g6 4.O-O Bg7 5.Re1 Nf6 6.Nc3 O-O 7.e5 Ne8 8.b3 Nc7
9.Bf1 d5 10.h3 f6 11.exf6 Bxf6 12.Bb2 e5 13.d3 Qd6 14.g3 Bd7 15.Bg2 Rf7 16.Rf1 Raf8
17.Nd2 Be6 18.Ne2 Bg5 19.c4 Rxf2 20.Rxf2 Be3 21.Nf3 Bxh3 22.Bc1 Bxg2 23.Bxe3 Bxf3
24.Qf1 e4 25.dxe4 dxe4 26.Rd1 Qe7 27.Bh6 Rf5 28.Bf4 Ne6 29.Rd5 Ncd4 30.Nxd4 cxd4
31.Rxf5 gxf5 32.Rxf3 exf3 33.Qxf3 Nxf4 34.Qxf4 Qe4 35.Qg5+ Kf7 36.Qh5+ Ke6
37.Qh6+ Ke5 38.Qg7+ Kd6 39.Qf8+ Kc6 40.Qf6+ Kc5 41.Qf8+ Kc6 42.Qf6+ Kd7 43.Qf7+ Kd8
44.Qg8+ Qe8 45.Qg5+ Qe7  1/2-1/2

[Event "RSFSR-ch"]
[Site "Voronezh"]
[Date "1988.??.??"]
[Round "?"]
[White "Sorokin, Maxim"]
[Black "Yakovich, Yuri"]
[Result "1-0"]
[WhiteElo "2400"]
[BlackElo "2450"]

1.e4 c5 2.Nf3 Nc6 3.Bb5 g6 4.O-O Bg7 5.Re1 e5 6.Bxc6 dxc6 7.d3 Qe7 8.a3 Nh6
9.b4 cxb4 10.axb4 O-O 11.Ba3 Be6 12.b5 c5 13.Bb2 f6 14.Qe2 Rfd8 15.Nc3 c4
16.dxc4 Qb4 17.Reb1 Bxc4 18.Qe3 Ng4 19.Qe1 Qc5 20.h3 Nh6 21.Na4 Qc7 22.Ba3 a6
23.Bc5 Bxb5 24.Bb6 Qxc2 25.Rb2 Qc4 26.Bxd8 Rxd8 27.Qc3 Qxc3 28.Nxc3 Bc6 29.Rd2 Nf7
30.Rxd8+ Nxd8 31.Nd2 Bf8 32.Nc4 Kf7 33.Rd1 Be7 34.Na5 Ke6 35.Rb1 b5 36.Nxc6 Nxc6
37.Ra1 Nb8 38.Nd5 Bd8 39.Rc1 Kd7 40.Rd1 Ke8 41.Kf1 a5 42.Nc3 b4 43.Na4 Nc6
44.Ke2 Nd4+ 45.Kd3 Kd7 46.f4 Kc6 47.Kc4 Bc7 48.fxe5 fxe5 49.h4 Bd8 50.g3 Be7
51.Rd2 Nb5 52.Rd5 Nd6+ 53.Kd3 Nf5 54.Rxe5 Bd6 55.Rxa5 Nxg3 56.Ra6+ Kd7 57.Ra7+ Ke6
58.Rxh7 Nh5 59.Nb6 b3 60.Rb7 Nf4+ 61.Ke3 Ng2+ 62.Kf2 Nxh4 63.Nc4 Bf4 64.Rxb3 g5
65.Rb6+ Kf7 66.Ne3 Ng6 67.Ng4 Nh4 68.Ke2 Ng6 69.Ra6 Kg7 70.Ra7+  1-0

[Event "Vrnjacka Banja"]
[Site "Vrnjacka Banja"]
[Date "1988.??.??"]
[Round "?"]
[White "Davies, Nigel R"]
[Black "Cabrilo, Goran"]
[Result "1/2-1/2"]
[WhiteElo "2450"]
[BlackElo "2505"]

1.e4 c5 2.Nf3 Nc6 3.Bb5 g6 4.O-O Bg7 5.c3 Nf6 6.Qe2 O-O 7.Rd1 d6 8.d4 cxd4
9.cxd4 Bg4 10.Nc3 Nd7 11.Be3 a6 12.Bxc6 bxc6 13.h3 Bxf3 14.Qxf3 Rb8 15.Qe2 Qa5
16.Rac1 Rfe8 17.b3 c5 18.Na4 cxd4 19.Bxd4 Rec8 20.Bxg7 Kxg7 21.Qb2+ Nf6 22.f3  1/2-1/2

[Event "Warsaw"]
[Site "Warsaw"]
[Date "1988.??.??"]
[Round "4"]
[White "Milovanovic, Rade"]
[Black "Baumbach, Friedrich"]
[Result "1-0"]
[WhiteElo "2415"]
[BlackElo "2315"]

1.e4 c5 2.Nf3 Nc6 3.Bb5 g6 4.O-O Bg7 5.c3 Nf6 6.Re1 O-O 7.h3 Qb6 8.Ba4 d5
9.e5 Ne8 10.d4 cxd4 11.cxd4 Nc7 12.Nc3 Bf5 13.Bxc6 Qxc6 14.Bg5 f6 15.exf6 exf6
16.Bf4 Nb5 17.Rc1 Rfe8 18.Rxe8+ Rxe8 19.Qb3 Nxc3 20.Rxc3 Qb6 21.Qa4 Re7 22.Qa3 Rd7
23.Rb3 Bf8 24.Qa4 Qa6 25.Qxa6 bxa6 26.Rb8 Kf7 27.Nd2 g5 28.Bg3 h5 29.h4 gxh4
30.Bxh4 Bd6 31.Ra8 Rb7 32.Rd8 Rd7 33.Rxd7+ Bxd7 34.Bg3 Bb4 35.Nf3 Ba5 36.Bd6 Bg4
37.Nh2 Bb6 38.Bc5 Bxc5 39.dxc5 d4 40.Nxg4 hxg4 41.b4 Ke6 42.Kf1 Kd5 43.Ke2 a5
44.a3  1-0

[Event "Zalakaros op"]
[Site "Zalakaros"]
[Date "1988.??.??"]
[Round "7"]
[White "Brestian, Egon"]
[Black "Perenyi, Bela"]
[Result "1-0"]
[WhiteElo "2395"]
[BlackElo "2370"]

1.Nf3 c5 2.e4 Nc6 3.Bb5 d6 4.Nc3 Bd7 5.O-O Nf6 6.b3 e5 7.Re1 a6 8.Bf1 Bg4
9.Nd5 Nxd5 10.exd5 Nd4 11.c3 Nxf3+ 12.gxf3 Bh5 13.d4 cxd4 14.cxd4 Be7 15.dxe5 O-O
16.Bb2 dxe5 17.Bxe5 Bb4 18.Re4 Re8 19.Rxb4 Rxe5 20.Rd4 Qf6 21.Bg2 Rg5 22.Kh1 Qg6
23.Bh3 Rd8 24.d6 Qf6 25.Bg2 Qg6 26.Bh3 Qc2 27.Bg4 Qxf2 28.d7 Bxg4 29.fxg4 h5
30.Rc1 Rxg4 31.Rxg4 hxg4 32.Rc8 Qf6 33.Rxd8+ Qxd8 34.Qxg4 g6 35.Qd4 b6 36.Qd5 a5
37.Kg2 Kg7 38.Qe5+ Kf8 39.Qd6+ Kg7 40.Kf3 f6 41.Ke4 Kf7 42.Kd5 b5 43.a3 b4
44.axb4 axb4 45.Kc4 g5 46.Kxb4 f5 47.Kc4 f4 48.Kd3 Kg7 49.h3  1-0

[Event "BRA-ch"]
[Site "Fortaleza"]
[Date "1989.08.??"]
[Round "9"]
[White "Carvalho, Herbert Abreu"]
[Black "Van Riemsdijk, Dirk D"]
[Result "0-1"]
[WhiteElo "2250"]
[BlackElo "2255"]

1.Nf3 c5 2.e4 Nc6 3.Bb5 g6 4.O-O Bg7 5.c3 Qb6 6.Na3 Nf6 7.Re1 O-O 8.h3 a6
9.Bf1 Qc7 10.e5 Nd5 11.Qb3 e6 12.d4 cxd4 13.cxd4 b5 14.Bd2 Bb7 15.Rac1 Qb6
16.Nc2 f6 17.a4 fxe5 18.dxe5 Nxe5 19.Nfd4 Rac8 20.axb5 Rxc2 21.Rxc2 Qxd4
22.bxa6 Qxf2+ 23.Kh1 Bc6 24.Ra1 Qa7 25.Qg3 Nf7 26.Bd3 Be5 27.Qe1 Qd4 28.Be4 Nd6
29.Bxd5 Qxd5 30.Bh6 Ra8 31.Ra5 Nb5 32.Rd2 Qc5 33.Qh4 Qc1+  0-1

[Event "Alicante op2"]
[Site "Alicante"]
[Date "1989.??.??"]
[Round "?"]
[White "Solana Suarez, Ernesto"]
[Black "Corral Blanco, Juan A"]
[Result "0-1"]
[WhiteElo "2275"]
[BlackElo "2365"]

1.e4 c5 2.Nf3 Nc6 3.Bb5 e6 4.O-O Nge7 5.c3 a6 6.Ba4 b5 7.Bc2 Bb7 8.Re1 Rc8
9.d4 cxd4 10.cxd4 d5 11.Nc3 Nb4 12.Bb1 dxe4 13.Nxe4 Ng6 14.a3 Nd5 15.Neg5 Be7
16.Nxf7 Kxf7 17.Bxg6+ hxg6 18.Ne5+ Kg8 19.Nxg6 Rh7 20.Rxe6 Bd6 21.h4 Qd7
22.Qe2 Kf7 23.Ne5+ Bxe5 24.Rxe5 Rxh4 25.Bg5 Rh7 26.Re1 Rch8 27.Qf3+ Nf6 28.Re7+ Kg8
29.Qb3+ Bd5 30.Re8+ Nxe8 31.Rxe8+ Kf7 32.Re7+ Qxe7 33.Qxd5+ Qe6  0-1

[Event "ARG-ch sf"]
[Site "ARG"]
[Date "1989.??.??"]
[Round "?"]
[White "Zarnicki, Pablo"]
[Black "Piscicelli, Daniel"]
[Result "1-0"]
[WhiteElo "2385"]
[BlackElo "2290"]

1.e4 c5 2.Nf3 Nc6 3.Bb5 g6 4.O-O Bg7 5.c3 Nf6 6.Re1 O-O 7.d4 cxd4 8.cxd4 d5
9.e5 Ne4 10.Nc3 Nxc3 11.bxc3 Bg4 12.h3 Bxf3 13.Qxf3 Rc8 14.h4 Na5 15.h5 Nc4
16.e6 Nd6 17.Bd7 Rc7 18.exf7+ Nxf7 19.Be6 Rc6 20.hxg6 hxg6 21.Qg4 Kh7 22.Re3 Nh6
23.Rh3 Rf6 24.Bxh6 Bxh6 25.Qg5 Qf8 26.Bxd5 Rxc3 27.g3 Rf5 28.Bg8+ Kxg8 29.Qxg6+ Bg7
30.Qh7+ Kf7 31.Qxf5+ Bf6 32.Re1 Qd8 33.Rh7+  1-0

[Event "EU-ch U20"]
[Site "Arnhem"]
[Date "1989.??.??"]
[Round "?"]
[White "Kosashvili, Yona"]
[Black "Degraeve, Jean Marc"]
[Result "1/2-1/2"]
[WhiteElo "2425"]
[BlackElo "2365"]

1.e4 c5 2.Nf3 Nc6 3.Bb5 g6 4.O-O Bg7 5.c3 Nf6 6.Re1 a6 7.Bf1 O-O 8.h3 e5
9.d3 d5 10.Qc2 d4 11.Nbd2 Nh5 12.a4 h6 13.cxd4 cxd4 14.b3 Qf6 15.Nc4 Bxh3
16.Nb6 Be6 17.Nxa8 Rxa8 18.Bd2 Bf8 19.Rec1 a5 20.Qd1 Nf4 21.g3 Nh3+ 22.Bxh3 Bxh3
23.Ne1 h5 24.Qf3 Qd8 25.Qe2 Be6 26.Rab1 Qd7 27.Ng2 Ra6 28.Qe1 f6 29.Nh4 g5
30.Nf5  1/2-1/2

[Event "EU-ch U20"]
[Site "Arnhem"]
[Date "1989.??.??"]
[Round "?"]
[White "Hracek, Zbynek"]
[Black "Fogarasi, Tibor"]
[Result "1-0"]
[WhiteElo "2390"]
[BlackElo "2395"]

1.e4 c5 2.Nf3 Nc6 3.Bb5 d6 4.O-O Qb6 5.c4 Bd7 6.Nc3 e6 7.a3 Nf6 8.b4 Be7
9.Rb1 Qc7 10.d3 O-O 11.Bxc6 Bxc6 12.b5 Be8 13.a4 Nd7 14.Qe2 Bf6 15.Bd2 Ne5
16.Ne1 Bd7 17.g3 Ng6 18.Ng2 Rae8 19.h4 Bd4 20.Kh2 f5 21.f4 Ne7 22.Ne3 e5
23.Ncd5 Nxd5 24.Nxd5 Qd8 25.Qg2 fxe4 26.dxe4 exf4 27.Bxf4 Bg4 28.b6 axb6
29.Rxb6 Qd7 30.Rxd6 Qxa4 31.Nb6 Qb3 32.e5 Qd3 33.Nd7 Rf5 34.Nxc5 Qxc4 35.Rc1 Bc3
36.Ne4 Rxf4 37.gxf4 Bf5 38.Rxc3 Qb4 39.Nf6+ Kf7 40.Nxe8  1-0

[Event "EU-ch U20"]
[Site "Arnhem"]
[Date "1989.??.??"]
[Round "?"]
[White "Pedzich, Dominik"]
[Black "Markovic, Ivan"]
[Result "1/2-1/2"]
[WhiteElo "2365"]
[BlackElo "2370"]

1.e4 c5 2.Nf3 Nc6 3.Bb5 g6 4.O-O Bg7 5.c3 Nf6 6.Re1 a6 7.Bf1 O-O 8.h3 e5
9.c4 d6 10.Nc3 Rb8 11.Rb1 Bd7 12.a3 Nd4 13.b4 b6 14.d3 h6 15.Bd2 Qc7 16.g3 Rfe8
17.Bg2 b5 18.Nd5 Nxd5 19.cxd5 Rbc8 20.Nxd4 cxd4 21.Rc1  1/2-1/2

[Event "Augsburg"]
[Site "Augsburg"]
[Date "1989.??.??"]
[Round "11"]
[White "Arapovic, Vitomir"]
[Black "Roeder, Frank"]
[Result "0-1"]
[WhiteElo "2410"]
[BlackElo "2355"]

1.e4 c5 2.Nf3 Nc6 3.Bb5 g6 4.O-O Bg7 5.Re1 e5 6.Bxc6 dxc6 7.d3 Qe7 8.Bg5 f6
9.Be3 Nh6 10.c3 O-O 11.d4 cxd4 12.cxd4 Rd8 13.Qc1 Ng4 14.dxe5 Nxe5 15.Nxe5 Qxe5
16.Nd2 Be6 17.f4 Qb5 18.Nf3 Bg4 19.Nd4 Qd3 20.Nb3 Bf8 21.Bc5 Bxc5+ 22.Qxc5 Be6
23.Re3 Qd7 24.f5 Bxb3 25.Rxb3 b6 26.Qc2 c5 27.Rg3 Qd2 28.Qb3+ Kg7 29.Kh1 Rd4
30.e5 fxe5 31.f6+ Kf8 32.Rf1 Rf4 33.Rgf3 Rxf3 34.Qxf3 Rd8 35.g4 Qd5 36.g5 Qxf3+
37.Rxf3 Kf7 38.Kg2 Rd2+ 39.Kg3 Rxb2 40.Re3 Rd2 41.Rxe5 Rd7 42.Kf3 c4 43.a4 c3
44.Re1 a6 45.Rc1 Rc7 46.Ke3 b5 47.axb5 axb5 48.Kd3 b4 49.Kc2 h6 50.gxh6 Kxf6
51.Kb3 Rb7 52.Rg1 g5 53.Rg2 Kf5 54.Rg3 Rc7 55.Rg2 Kg6 56.Rc2 Rb7 57.Rg2 Kxh6  0-1

[Event "Augustow"]
[Site "Augustow"]
[Date "1989.??.??"]
[Round "6"]
[White "Pedzich, Dominik"]
[Black "Morchat, Miroslaw"]
[Result "1-0"]
[WhiteElo "2360"]
[BlackElo "2285"]

1.e4 c5 2.Nf3 Nc6 3.Bb5 g6 4.O-O Bg7 5.c3 Nf6 6.Re1 O-O 7.d4 cxd4 8.cxd4 d5
9.e5 Ne4 10.Bxc6 bxc6 11.Nbd2 c5 12.dxc5 Nxc5 13.Nb3 Nxb3 14.Qxb3 e6 15.Bg5 Qd7
16.Nd4 Ba6 17.Qa3 Qb7 18.Rad1 Rfc8 19.Qh3 Qxb2 20.Nxe6 Rc3 21.Bc1 Qc2 22.Nd4 Qxd1
23.Qxc3 Qa4 24.Qc6 Qxc6 25.Nxc6 Bc4 26.a4 Bf8 27.Be3 a6 28.Rb1 Rc8 29.Rb6 d4
30.Nxd4 Bc5 31.Rc6 Rxc6 32.Nxc6 Bxe3 33.fxe3 Kf8 34.Kf2 Ke8 35.a5  1-0

[Event "Augustow"]
[Site "Augustow"]
[Date "1989.??.??"]
[Round "8"]
[White "Pedzich, Dominik"]
[Black "Klimaszewski, Dariusz"]
[Result "1-0"]
[WhiteElo "2360"]
[BlackElo "2245"]

1.e4 c5 2.Nf3 Nc6 3.Bb5 g6 4.O-O Nf6 5.Re1 Bg7 6.c3 O-O 7.h3 d5 8.e5 Ne8
9.d4 cxd4 10.cxd4 Nc7 11.Bf1 b5 12.Nc3 a6 13.Bg5 Ne6 14.Bh4 Bb7 15.Qd2 Rc8
16.Rac1 Qd7 17.g3 f6 18.Bg2 b4 19.Na4 g5 20.exf6 exf6 21.Nb6 Qd8 22.Nxc8 Qxc8
23.Nxg5 Nxg5 24.Bxg5 fxg5 25.Bxd5+ Kh8 26.Bxc6 Bxc6 27.d5 Qxh3 28.dxc6 h5
29.Qd7 g4 30.Re8  1-0

[Event "AUT-ch"]
[Site "?"]
[Date "1989.??.??"]
[Round "9"]
[White "Brestian, Egon"]
[Black "Kaspret, Guido"]
[Result "0-1"]
[WhiteElo "2465"]
[BlackElo "2320"]

1.Nf3 c5 2.e4 Nc6 3.Bb5 g6 4.O-O Bg7 5.c3 Nf6 6.Re1 O-O 7.d4 cxd4 8.cxd4 d5
9.e5 Ne4 10.Nbd2 Nxd2 11.Bxd2 Qb6 12.Bxc6 bxc6 13.Bc3 Bg4 14.h3 Bxf3 15.Qxf3 a5
16.h4 e6 17.h5 c5 18.Rad1 Rfc8 19.g3 Bf8 20.Kg2 cxd4 21.Rxd4 Bc5 22.Rh4 Ra7
23.Qf4 Qb7 24.Kg1 Bf8 25.Qa4 Bc5 26.Rf4 Qc6 27.Qxc6 Rxc6 28.Ra4 Bb6 29.Kf1 Kg7
30.Ke2 Bd8 31.Rh1 h6 32.Kd3 Rb7 33.f3 Rb5 34.hxg6 fxg6 35.Rc1 g5 36.g4 Bc7
37.Rc2 Rbc5 38.Re2 Kg6 39.Re1 Rb5 40.Bd4 Rb8 41.Bc3 Rf8 42.Ke2 h5 43.gxh5+ Kxh5
44.Rg4 Rf5 45.Kf2 Bb6+ 46.Kg2 Rc8 47.Rd1 Rf4 48.Rxf4 gxf4 49.Kf1 Kg5 50.Ke2 Rh8
51.Kd3 Kf5 52.a4 Rh3 53.Rf1 Bc7 54.Rf2 Rh8 55.b3 Rb8 56.Kc2 Rc8 57.Kd3 Rb8
58.Kc2 Rh8 59.Kd3 Rh3 60.Ke2 Rh8 61.Kd3 Rb8 62.Kc2 Rc8 63.Kd1 Rh8 64.Rd2 Rh1+
65.Kc2 Rf1 66.Rd3 Bb6 67.b4 axb4 68.Bxb4 Be3 69.a5 Rxf3 70.a6 Rh3 71.Bd6 Rh2+
72.Kb3 Rh8 73.Kc2 Ke4 74.Ra3 Rc8+ 75.Kb3 f3 76.a7 Ra8 77.Bb8 f2  0-1

[Event "AUT-ch"]
[Site "?"]
[Date "1989.??.??"]
[Round "13"]
[White "Humer, Wolfgang"]
[Black "Wittmann, Walter"]
[Result "1-0"]
[WhiteElo "2310"]
[BlackElo "2400"]

1.e4 c5 2.Nf3 Nc6 3.Bb5 g6 4.O-O Bg7 5.Qe2 Nf6 6.e5 Nd5 7.Qc4 Nc7 8.Bxc6 dxc6
9.Qxc5 Bg4 10.Nd4 O-O 11.d3 Qd7 12.Re1 b6 13.Qc4 c5 14.Nb3 Nd5 15.Na3 a6
16.Qe4 Rac8 17.Nc4 Bf5 18.Qe2 b5 19.Ne3 Be6 20.Nxd5 Bxd5 21.Bg5 c4 22.Nc1 Bb7
23.c3 f6 24.exf6 exf6 25.Be3 f5 26.f3 Rce8 27.Qf1 f4 28.Bf2 Rxe1 29.Bxe1 g5
30.dxc4 g4 31.Nd3 Qe7 32.Bf2 bxc4 33.Nc5 Bd5 34.Rd1 Qg5 35.fxg4 f3 36.h4 Qe5
37.Nd7 Qe6 38.Nxf8 Bxf8 39.g3 h5 40.gxh5 Be4 41.Bd4 Kh7 42.Re1 Qg4 43.Kh2 Bf5
44.Re8  1-0

[Event "AUT-ch"]
[Site "?"]
[Date "1989.??.??"]
[Round "13"]
[White "Dueckstein, Andreas"]
[Black "Pilz, Dieter"]
[Result "1-0"]
[WhiteElo "2345"]
[BlackElo "2300"]

1.e4 c5 2.Nf3 Nc6 3.Bb5 a6 4.Bxc6 bxc6 5.O-O d6 6.d3 g6 7.Re1 e5 8.c3 Bg7
9.d4 cxd4 10.cxd4 exd4 11.Nxd4 Ne7 12.Nc3 O-O 13.Bg5 Qc7 14.Rc1 Bb7 15.Qd2 Rfe8
16.b4 Rab8 17.a3 Qd7 18.Nb3 Qe6 19.Na5 Ba8 20.Na4 Bf6 21.Bf4 Be5 22.Bxe5 dxe5
23.Nc5 Qc8 24.Red1 Kg7 25.Qc3 Nd5 26.exd5 cxd5 27.f3 d4 28.Qd3 Qf5 29.Qxf5 gxf5
30.Nxa6 Rb6 31.Nc7 Rc8 32.Nxa8 Rxa8 33.Rc5 f6 34.Nc4 Re6 35.b5 Rd8 36.b6 e4
37.b7 Rb8 38.Rc7+ Kg6 39.Rxd4 e3 40.Kf1  1-0

[Event "AUT-chT"]
[Site "?"]
[Date "1989.??.??"]
[Round "?"]
[White "Niedermayr, Horst"]
[Black "Watzka, Horst"]
[Result "1/2-1/2"]
[WhiteElo "2235"]
[BlackElo "2330"]

1.e4 c5 2.Nf3 Nc6 3.Bb5 d6 4.O-O Bd7 5.Re1 Nf6 6.h3 a6 7.Bf1 e5 8.c3 Be7
9.d4 cxd4 10.cxd4 O-O 11.Nc3 Rc8 12.Be3 Re8 13.Rc1 exd4 14.Nxd4 Ne5 15.Nf3 Bc6  1/2-1/2

[Event "AUT-chT"]
[Site "?"]
[Date "1989.??.??"]
[Round "?"]
[White "Watzka, Horst"]
[Black "Schoeppl, Engelbert"]
[Result "1/2-1/2"]
[WhiteElo "2330"]
[BlackElo "2315"]

1.e4 c5 2.Nf3 Nc6 3.Bb5 g6 4.O-O Bg7 5.c3 a6 6.Ba4 b5 7.Bc2 Qb6 8.d3 Nf6
9.e5 Nd5 10.d4 cxd4 11.cxd4 Bb7 12.Nc3 Nxc3 13.bxc3 O-O 14.a4 d6 15.exd6 exd6
16.Rb1 Qc7 17.axb5 axb5 18.Bd3 Na5 19.Bd2  1/2-1/2

[Event "AUT-chT"]
[Site "?"]
[Date "1989.??.??"]
[Round "?"]
[White "Niedermayr, Horst"]
[Black "Schoeppl, Engelbert"]
[Result "0-1"]
[WhiteElo "2235"]
[BlackElo "2315"]

1.e4 c5 2.Nf3 Nc6 3.Bb5 g6 4.O-O Bg7 5.Re1 Nf6 6.c3 O-O 7.d4 d5 8.exd5 Qxd5
9.Bxc6 bxc6 10.Re5 Qd6 11.Rxc5 Ne4 12.Ra5 c5 13.Qe2 Bb7 14.Be3 Qc7 15.Ra3 Rfd8
16.dxc5 Nxc5 17.Bxc5 Qxc5 18.Nbd2 a5 19.Nb3 Qh5 20.Ra4 Bc6 21.Rd4 Bxd4 22.Nbxd4 Bxf3
23.Nxf3 Ra7 24.Re1 a4 25.h3 Qc5 26.Qc2 Qc4 27.Ne5 Qc5 28.Qe4 Ra6 29.Nd3 Qg5
30.Nf4 Rd2 31.Qb4 Rf6 32.Re4 e5 33.Qb8+ Kg7 34.Ne2 Rd1+ 35.Kh2 Rxf2 36.Ng3 Rdd2
37.Nf5+ Qxf5  0-1

[Event "Bayern-ch"]
[Site "Bayern"]
[Date "1989.??.??"]
[Round "?"]
[White "Wimmer, Herbert"]
[Black "Roeder, Frank"]
[Result "1/2-1/2"]
[WhiteElo "2295"]
[BlackElo "2365"]

1.e4 c5 2.Nf3 Nc6 3.Bb5 g6 4.O-O Bg7 5.c3 Nf6 6.Qe2 O-O 7.d4 cxd4 8.cxd4 d5
9.e5 Ne4 10.Nbd2 Bf5 11.Nb3 f6 12.Bf4 Bg4 13.Qe3 Bxf3 14.Bxc6 Bxg2 15.Kxg2 bxc6
16.f3 Ng5 17.e6 h5 18.h4 Nh7 19.Rac1 Qb6 20.Rc5 a5 21.Qc3 g5 22.Rxc6 Qb5
23.Bg3 a4 24.Nc1 Ra6 25.Rc5 Qe8 26.Re1 gxh4 27.Bxh4 Qg6+ 28.Kh2 Ng5 29.Rxd5 Rxe6
30.Rg1 Bh6 31.Qd3 Qxd3 32.Nxd3 Re3 33.Bxg5 fxg5 34.Ne5 Re2+ 35.Rg2 Rxg2+
36.Kxg2 Rb8 37.Nd3 a3 38.b4 e6 39.Rd7 Bf8 40.Nc5 Rxb4 41.Nxe6 Rb2+ 42.Kh3 Bh6
43.d5 Rxa2 44.Ra7 Rd2 45.Rxa3 Rxd5 46.Ra7 Re5 47.Re7 Re3 48.Kg2 g4 49.fxg4 hxg4
50.Kf2 Rf3+ 51.Kg2 Re3 52.Rd7 Rxe6 53.Rd4 Kf7 54.Rxg4 Kf6 55.Ra4 Kf5 56.Kf3 Re3+
57.Kf2 Bf4 58.Rc4 Kg4 59.Ra4 Rd3 60.Re4 Rd2+ 61.Re2 Bg3+ 62.Ke3 Bf4+ 63.Kf2 Rd8
64.Re7 Bg5 65.Re4+ Kf5 66.Ra4 Bf4 67.Rc4 Kg4 68.Re4 Rd1 69.Re2 Rh1 70.Kg2 Rh3
71.Kf2 Rd3  1/2-1/2

[Event "Belfort op"]
[Site "Belfort"]
[Date "1989.??.??"]
[Round "9"]
[White "Kraut, Rainer"]
[Black "Thorsteins, Karl"]
[Result "1/2-1/2"]
[WhiteElo "2380"]
[BlackElo "2445"]

1.e4 c5 2.Nf3 Nc6 3.Bb5 g6 4.O-O Bg7 5.Re1 Nf6 6.Nc3 O-O 7.e5 Ne8 8.Bxc6 dxc6
9.h3 Nc7 10.b3 Ne6 11.Bb2 b6 12.Ne4 Nd4 13.d3 h6 14.a4 a5 15.Ned2 Be6 16.Nc4  1/2-1/2

[Event "GMA-qual"]
[Site "Belgorod"]
[Date "1989.??.??"]
[Round "?"]
[White "Kveinys, Aloyzas"]
[Black "Gorelov, Sergey G"]
[Result "1-0"]
[WhiteElo "2345"]
[BlackElo "2455"]

1.e4 c5 2.Nf3 Nc6 3.Bb5 g6 4.O-O Bg7 5.c3 Nf6 6.Re1 O-O 7.d4 cxd4 8.cxd4 d5
9.e5 Ne4 10.Bxc6 bxc6 11.Nbd2 c5 12.dxc5 Nxc5 13.Nb3 Nxb3 14.Qxb3 d4 15.Bg5 h6
16.Bh4 g5 17.Bg3 Bg4 18.Nd2 d3 19.h4 Rc8 20.hxg5 hxg5 21.Rac1 Qd7 22.Rc3 Rxc3
23.bxc3 Be2 24.Rb1 Rc8 25.Qa3 f5 26.exf6 exf6 27.Rb8 Kh7 28.Rxc8 Qxc8 29.c4 f5
30.Bd6 Qe6 31.c5 Bd4 32.Nb3 Bc3 33.Qc1 Qf6 34.c6 f4 35.c7 Bg4 36.Be7 d2 37.Qxd2 Qe5
38.Qd3+ Bf5 39.Qc4 g4 40.Qf7+ Kh8 41.Qh5+ Kg7 42.Qg5+ Kf7 43.Bd6 Qe1+ 44.Kh2 g3+
45.fxg3 Qxg3+ 46.Qxg3 fxg3+ 47.Kxg3 Bc8 48.Nc5 Bb4 49.Kf4 Ke8 50.Ne4 Ba5
51.g4 Kd7 52.Ke5 Bxc7 53.Nf6+ Kc6 54.Bxc7 Kxc7 55.g5 Ba6 56.Nd5+ Kd7 57.g6  1-0

[Event "Belgrade op"]
[Site "Belgrade"]
[Date "1989.??.??"]
[Round "4"]
[White "Pikula, Dejan"]
[Black "Kovacevic, Predrag"]
[Result "0-1"]
[WhiteElo "2260"]
[BlackElo "2405"]

1.e4 c5 2.Nf3 Nc6 3.Bb5 g6 4.O-O Bg7 5.c3 Nf6 6.Re1 O-O 7.d4 cxd4 8.cxd4 d5
9.e5 Ne4 10.Nc3 Nxc3 11.bxc3 Bf5 12.Nh4 Bd7 13.Bd3 Rc8 14.Re3 Na5 15.f4 Rxc3
16.Qe1 Rc6 17.Rg3 Nc4 18.Qf2 f6 19.e6 Be8 20.f5 g5 21.Nf3 Nd6 22.Nd2 Bh5
23.h3 Qc7 24.Ba3 Rd8 25.Re3 Nc4 26.Nxc4 dxc4 27.Be4 Ra6 28.d5 Bf8 29.Rc1 g4
30.Rg3 Bh6 31.Rcc3 Bf4 32.d6 Raxd6 33.Bxd6 Rxd6 34.hxg4 Rd1+ 35.Kh2 Bxg4
36.Rxc4 Bxg3+ 37.Qxg3 Rh1+ 38.Kxh1 Qxg3  0-1

[Event "Bern"]
[Site "Bern"]
[Date "1989.??.??"]
[Round "?"]
[White "Campora, Daniel H"]
[Black "Jakob, Simon"]
[Result "1-0"]
[WhiteElo "2500"]
[BlackElo "2200"]

1.e4 c5 2.Nf3 Nc6 3.Bb5 g5 4.O-O Bg7 5.Re1 e5 6.c3 Nge7 7.d4 cxd4 8.cxd4 Qb6
9.Bxc6 Nxc6 10.dxe5 Nxe5 11.Nc3 d6 12.Nxe5 dxe5 13.Be3 Qxb2 14.Nd5 O-O 15.Nc7 Be6
16.Nxa8 Rxa8 17.Qa4 a5 18.Reb1 Qc3 19.Qb5 Bf8 20.Qxb7 Rd8 21.Rc1 Qb4 22.Qxb4 axb4
23.f3 Ra8 24.Bd2 Rxa2 25.Rxa2 Bxa2 26.Rc8 Kg7 27.Rb8 Bc5+ 28.Kf1 Bc4+ 29.Ke1 b3
30.Bc3 Bd4 31.Bxd4 exd4 32.Rb4 Be6 33.Kd2 Kf6 34.Kd3 h6 35.Kxd4 Ke7 36.f4 Kd6
37.Rb6+ Kc7  1-0

[Event "Biel op"]
[Site "Biel"]
[Date "1989.??.??"]
[Round "4"]
[White "Djurhuus, Rune"]
[Black "Janosevic, Dragoljub"]
[Result "1-0"]
[WhiteElo "2415"]
[BlackElo "2340"]

1.e4 c5 2.Nf3 Nc6 3.Bb5 g6 4.O-O Bg7 5.c3 Nf6 6.Re1 O-O 7.d4 cxd4 8.cxd4 d5
9.e5 Ne4 10.Ng5 Nxg5 11.Bxg5 f6 12.exf6 exf6 13.Be3 f5 14.Qd2 f4 15.Bxf4 Nxd4
16.Nc3 Bf5 17.Ba4 Ne6 18.Be5 d4 19.Bxg7 Kxg7 20.Ne2 Nc5 21.Bb5 a6 22.Nxd4 Qf6
23.Nxf5+ gxf5 24.Bc4 Ne4 25.Qe3 Rae8 26.Bd5 b5 27.Bxe4 Rxe4 28.Qg3+ Rg4 29.Qe5 Rc4
30.Qxf6+ Kxf6 31.Re2 Rfc8 32.g3 a5 33.Rae1 R8c6 34.Kg2 a4 35.a3 b4 36.axb4 Rxb4
37.Ra1 Rcb6 38.Re8 Rxb2 39.Rxa4 R2b4 40.Rf8+ Kg6 41.Raa8 Rb7 42.Rac8 R4b6
43.Kh3 Rf6 44.Rxf6+ Kxf6 45.Kh4 Rb2 46.Rc6+ Kf7 47.f4 Rxh2+ 48.Kg5 Rg2 49.Rc3 Ra2
50.Rc7+ Kg8 51.Kxf5 Ra3 52.g4 Ra5+ 53.Kf6 Ra6+ 54.Kg5 Ra5+ 55.f5 Ra6 56.Re7 Ra4
57.Kf6 h6 58.g5 hxg5 59.Kg6 Kf8 60.f6 Rf4 61.Ra7 Ke8 62.f7+ Kf8 63.Ra8+ Ke7
64.Re8+  1-0

[Event "Biel op"]
[Site "Biel"]
[Date "1989.??.??"]
[Round "4"]
[White "Paglietti, Nicola"]
[Black "Muse, Mladen"]
[Result "1/2-1/2"]
[WhiteElo "2335"]
[BlackElo "2415"]

1.e4 c5 2.Nf3 Nc6 3.Bb5 a6 4.Bxc6 dxc6 5.O-O Qc7 6.d4 cxd4 7.Qxd4 Bg4 8.Qe5 Qxe5
9.Nxe5 Bh5 10.Nc3 f6 11.Nd3 e6 12.Be3 Bd6 13.Nc5 Bxc5 14.Bxc5 O-O-O 15.f3 Nh6
16.Bb6 Rd2 17.Rf2 Rxf2 18.Kxf2 Nf7  1/2-1/2

[Event "Bled op"]
[Site "Bled"]
[Date "1989.??.??"]
[Round "8"]
[White "Vasiukov, Evgeni"]
[Black "Mukic, Josko"]
[Result "1-0"]
[WhiteElo "2510"]
[BlackElo "2365"]

1.e4 c5 2.Nf3 Nc6 3.Bb5 d6 4.O-O Bd7 5.Re1 a6 6.Bxc6 Bxc6 7.d4 cxd4 8.Nxd4 Nf6
9.Bg5 e5 10.Nxc6 bxc6 11.Nd2 h6 12.Bxf6 Qxf6 13.Nc4 Be7 14.Qd3 O-O 15.Rad1 Rad8
16.Ne3 a5 17.a4 g6 18.Qa6 Rc8 19.Qxa5 Rb8 20.Qa6 Rfc8 21.b3 Kg7 22.Qc4 Bd8
23.Qd3 Ba5 24.Rf1 Rd8 25.Qa6 Bb6 26.Nc4 Bc5 27.Qxc6 h5 28.Qd5 h4 29.h3 Qe7
30.Na5  1-0

[Event "Spring op"]
[Site "Budapest"]
[Date "1989.??.??"]
[Round "?"]
[White "Horvath, Jozsef"]
[Black "Bokelbrink, Uwe"]
[Result "1-0"]
[WhiteElo "2510"]
[BlackElo "2315"]

1.e4 c5 2.Nf3 Nc6 3.Bb5 e6 4.Bxc6 dxc6 5.O-O Nf6 6.d3 Be7 7.b3 O-O 8.Bb2 a5
9.a4 Nd7 10.e5 b5 11.Nbd2 Nb6 12.Qe2 Qc7 13.c4 Rd8 14.Ne4 bxa4 15.bxa4 Nd7
16.Qe3 Nb8 17.Rfe1 Na6 18.Nf6+ Kh8 19.Ng5 Bxf6 20.exf6 g6 21.Nxh7  1-0

[Event "Spring op"]
[Site "Budapest"]
[Date "1989.??.??"]
[Round "?"]
[White "Sick, Oliver"]
[Black "Gorelov, Sergey G"]
[Result "0-1"]
[WhiteElo "2330"]
[BlackElo "2455"]

1.e4 c5 2.Nf3 Nc6 3.Bb5 g6 4.O-O Bg7 5.c3 Nf6 6.Re1 O-O 7.h3 e5 8.d3 d6 9.Na3 Bd7
10.Bg5 h6 11.Bxf6 Qxf6 12.Nc4 Rab8 13.Ne3 a6 14.Nd5 Qd8 15.Ba4 Kh7 16.a3 f5
17.b4 b5 18.Bc2 Be6 19.Bb3 Qd7 20.Ne3 c4 21.exf5 gxf5 22.dxc4 e4 23.cxb5 axb5
24.Nd4 Nxd4 25.cxd4 d5 26.f4 Qa7 27.Nc2 Rfc8 28.Kh1 Rc3 29.Rb1 Rbc8 30.Ne3 Qxa3
31.Nxd5 Bxd5 32.Bxd5 Rxh3+ 33.gxh3 Qxh3+ 34.Kg1 Rc2 35.Re2 Rxe2  0-1